UBT Library

Textbook of cancer epidemiology / (Record no. 47287)

000 -LEADER
fixed length control field 01029cam a22003014a 4500
001 - CONTROL NUMBER
control field 14829480
005 - DATE AND TIME OF LATEST TRANSACTION
control field 20180823083210.0
008 - FIXED-LENGTH DATA ELEMENTS--GENERAL INFORMATION
fixed length control field 070427s2008 enka b 001 0 eng
010 ## - LIBRARY OF CONGRESS CONTROL NUMBER
LC control number 2007018120
016 7# - NATIONAL BIBLIOGRAPHIC AGENCY CONTROL NUMBER
Record control number 101305793
Source DNLM
020 ## - INTERNATIONAL STANDARD BOOK NUMBER
International Standard Book Number 9780195311174 (alk. paper)
020 ## - INTERNATIONAL STANDARD BOOK NUMBER
International Standard Book Number 0195311175 (alk. paper)
035 ## - SYSTEM CONTROL NUMBER
System control number (OCoLC)ocn123962944
035 ## - SYSTEM CONTROL NUMBER
System control number (OCoLC)123962944
040 ## - CATALOGING SOURCE
Original cataloging agency DNLM/DLC
Transcribing agency DLC
Modifying agency NLM
-- BTCTA
-- C#P
-- BAKER
-- BWX
-- YDXCP
-- DLC
041 ## - LANGUAGE CODE
Language code of text/sound track or separate title eng
042 ## - AUTHENTICATION CODE
Authentication code pcc
060 10 - NATIONAL LIBRARY OF MEDICINE CALL NUMBER
Classification number QZ 220.1
Item number T355 2008
080 ## - UNIVERSAL DECIMAL CLASSIFICATION NUMBER
Universal Decimal Classification number 614.59994
082 00 - DEWEY DECIMAL CLASSIFICATION NUMBER
Classification number 614.59994
Edition number 22
100 ## - Rafti
Rafti 6
101 ## - Shkurtesa
Shkurtesa KAN
245 00 - TITLE STATEMENT
Title Textbook of cancer epidemiology /
Statement of responsibility, etc edited by Hans-Olov Adami, David Hunter, Dimitrios Trichopoulos ; with an introductory chapter by Brian MacMahon.
504 ## - BIBLIOGRAPHY, ETC. NOTE
Bibliography, etc Includes bibliographical references and index.
906 ## - LOCAL DATA ELEMENT F, LDF (RLIN)
a 7
b cbc
c orignew
d 1
e ecip
f 20
g y-gencatlg
942 ## - ADDED ENTRY ELEMENTS (KOHA)
Source of classification or shelving scheme
Item type Books
Holdings
Withdrawn status Lost status Source of classification or shelving scheme Damaged status Not for loan Collection code Permanent location Current location Shelving location Date acquired Total Checkouts Full call number Barcode Date last seen Price effective from Koha item type
          Koleksioni i përgjithshem UBT - Lipjan UBT - Lipjan Koleksioni i përgjithshem 08/23/2018   614.59994 ADA 002-3012024 08/23/2018 08/23/2018 Books
UBT Library © 2015-2024. All rights reserved University Education for Business and Technology